000 00504nam a2200205Ia 4500
005 20250425160859.0
008 250425s9999 xx 000 0 und d
041 _aeng
082 _a540.9
110 _aAMERICAN CHEMICAL SOCIETY
245 0 _aCHEMISTRY... KEY TO BETTER LIVING
250 _aS.E.
260 _aEstados Unidos
_bAMERICAN CHEMICAL SOCIETY
_c1951
260 _aWASHINGTON
300 _a244
650 _aINGENIERIA QUIMICA
650 _aQUIMICA
942 _c01
010 _a7477
999 _c198056
_d198056